| 000 | 01537nam a2200277 i 4500 | ||
|---|---|---|---|
| 001 | 157085 | ||
| 003 | ES-MaACL | ||
| 005 | 20250824074922.0 | ||
| 008 | 020326s1872 sp |||| | spa d | ||
| 100 | 1 |
_aLarra y Wetoret, Luis Mariano de, _d1830-1901 _970289 |
|
| 245 | 1 | 3 |
_aEl atrevido en la corte _b: zarzuela en tres actos y en verso / _cletra de Luis Mariano de Larra ; música del maestro Caballero. |
| 260 |
_aMadrid : _b[s.n.], _c1872 ( _fImp. de José Rodríguez) |
||
| 300 |
_a101 p. ; _c20 cm. |
||
| 490 | 1 | _aEl teatro : colección de obras dramáticas y líricas | |
| 500 | _aEn port.: Estrenada en el Teatro de la Zarzuela, el 19 de octubre de 1872. | ||
| 500 | _aSolo la letra. | ||
| 530 | _aDisponible en formato digital. | ||
| 596 | _aEn verso de port.: "... de la galería dramática y lírica de Alonso Gullon ..." | ||
| 598 | _aEn la cub. original consta la serie: (El teatro : colección de obras dramáticas y líricas) | ||
| 700 | 1 |
_aFernández Caballero, Manuel. _949531 |
|
| 830 | 0 | 3 |
_aEl teatro: colección de obras dramática y líricas _9221753 |
| 852 |
_aES-MaACL _jF-8608(5) _z- Enc. pasta española _q- Falto de cub. original _z- Enc. en un vol. facticio formando parte de la col. facticia "Teatro español moderno", v. 63 |
||
| 852 |
_aES-MaACL _jD-2486(5) _z- Enc. hol. conservando cub. original _z. - Legado de M. de la Fuente _z- Enc. en un vol. facticio |
||
| 856 |
_uhttp://bdh-rd.bne.es/viewer.vm?id=0000205171&page=1 _zBiblioteca Digital Hispánica |
||
| 999 |
_c157085 _d157085 |
||